| 000 | 00531 a2200169 4500 | ||
|---|---|---|---|
| 003 | Nust | ||
| 005 | 20170207153456.0 | ||
| 040 | _cNust | ||
| 082 | _a920 | ||
| 100 | _aJones,Ira | ||
| 245 |
_aKing of Air Fighters _cIra Jones |
||
| 260 |
_aLondon _bNicholson |
||
| 300 | _a190: p | ||
| 505 | _aEarly Life (Page-11), Learning To Fly And First Tour Of Duty In France (Page-25), Second Tour Of Duty In France (Page-109), King Of Air Fighters (Page-173), L’envoi (Page-190). | ||
| 538 | _aAlmirah No.60 Shelf No.3 | ||
| 650 | _aBiography | ||
| 942 |
_2ddc _cBK |
||
| 999 |
_c187106 _d187106 |
||